Normal view
MARC view
- Housel M
Entry Personal Name
001 - CONTROL NUMBER
- control field: 215545
003 - CONTROL NUMBER IDENTIFIER
- control field: OSt
005 - DATE AND TIME OF LATEST TRANSACTION
- control field: 20251127134816.0
008 - FIXED-LENGTH DATA ELEMENTS
- fixed length control field: 251127|| aca||aabn | a|a d
040 ## - CATALOGING SOURCE
- Original cataloging agency: OSt
- Transcribing agency: OSt
100 ## - HEADING--PERSONAL NAME
- Personal name: Housel M
670 ## - SOURCE DATA FOUND
- Source citation: Work cat.: (OSt)369176: Housel M., The Art of Spending Money, 2025